<?xml version="1.0" encoding="UTF-8"?>
<record
    xmlns:xsi="http://www.w3.org/2001/XMLSchema-instance"
    xsi:schemaLocation="http://www.loc.gov/MARC21/slim http://www.loc.gov/standards/marcxml/schema/MARC21slim.xsd"
    xmlns="http://www.loc.gov/MARC21/slim">

  <leader>00961nam a22002417a 4500</leader>
  <controlfield tag="005">20260421164901.0</controlfield>
  <controlfield tag="008">260421b        |||||||| |||| 00| 0 eng d</controlfield>
  <datafield tag="020" ind1=" " ind2=" ">
    <subfield code="a">9789392140075</subfield>
  </datafield>
  <datafield tag="040" ind1=" " ind2=" ">
    <subfield code="c">AL</subfield>
  </datafield>
  <datafield tag="041" ind1=" " ind2=" ">
    <subfield code="a">eng</subfield>
  </datafield>
  <datafield tag="082" ind1=" " ind2=" ">
    <subfield code="a">340.1</subfield>
    <subfield code="b">MISM</subfield>
  </datafield>
  <datafield tag="100" ind1=" " ind2=" ">
    <subfield code="a">O P Mishra</subfield>
    <subfield code="9">262261</subfield>
  </datafield>
  <datafield tag="245" ind1=" " ind2=" ">
    <subfield code="a">Moot court Ed 3</subfield>
  </datafield>
  <datafield tag="250" ind1=" " ind2=" ">
    <subfield code="a">3</subfield>
  </datafield>
  <datafield tag="260" ind1=" " ind2=" ">
    <subfield code="a">Allahabad</subfield>
    <subfield code="b">Central Law Agency</subfield>
    <subfield code="c">2022</subfield>
  </datafield>
  <datafield tag="300" ind1=" " ind2=" ">
    <subfield code="a">xxxv,403p</subfield>
    <subfield code="b">PB</subfield>
    <subfield code="c">23x15.5cm</subfield>
  </datafield>
  <datafield tag="365" ind1=" " ind2=" ">
    <subfield code="2">Law</subfield>
    <subfield code="a">1343</subfield>
    <subfield code="b">&#x20B9;300.00</subfield>
    <subfield code="c">&#x20B9;</subfield>
    <subfield code="d">&#x20B9;400.00</subfield>
    <subfield code="e">25%</subfield>
    <subfield code="f">14-03-2026</subfield>
  </datafield>
  <datafield tag="520" ind1=" " ind2=" ">
    <subfield code="a">Table of Contents
Introduction
Moot Court (Pre-Trial Preparation)
Moot Court (Participation in Trial Proceedings)
Skills Developed Through Moot Court
Challenges in Moot Court Participation
 Importance of Moot Court in Legal Education and Professional Development
 Conclusion</subfield>
  </datafield>
  <datafield tag="650" ind1=" " ind2=" ">
    <subfield code="a">Pre Trial Preparation and Participation in trial proceedings</subfield>
    <subfield code="9">262262</subfield>
  </datafield>
  <datafield tag="650" ind1=" " ind2=" ">
    <subfield code="a">Civil Cases</subfield>
    <subfield code="9">262263</subfield>
  </datafield>
  <datafield tag="650" ind1=" " ind2=" ">
    <subfield code="a">Pleadings</subfield>
    <subfield code="9">262264</subfield>
  </datafield>
  <datafield tag="942" ind1=" " ind2=" ">
    <subfield code="2">ddc</subfield>
    <subfield code="c">BK</subfield>
  </datafield>
  <datafield tag="999" ind1=" " ind2=" ">
    <subfield code="c">241319</subfield>
    <subfield code="d">241319</subfield>
  </datafield>
  <datafield tag="952" ind1=" " ind2=" ">
    <subfield code="0">0</subfield>
    <subfield code="1">0</subfield>
    <subfield code="2">ddc</subfield>
    <subfield code="4">0</subfield>
    <subfield code="7">0</subfield>
    <subfield code="8">Law</subfield>
    <subfield code="a">LL</subfield>
    <subfield code="b">LL</subfield>
    <subfield code="d">2026-04-16</subfield>
    <subfield code="e">MPP House Bengaluru -560009</subfield>
    <subfield code="g">300.00</subfield>
    <subfield code="l">0</subfield>
    <subfield code="o">340.1 MISM</subfield>
    <subfield code="p">LL002579</subfield>
    <subfield code="r">2026-04-21 16:52:41</subfield>
    <subfield code="v">400.00</subfield>
    <subfield code="w">2026-03-14</subfield>
    <subfield code="y">BK</subfield>
  </datafield>
  <datafield tag="952" ind1=" " ind2=" ">
    <subfield code="0">0</subfield>
    <subfield code="1">0</subfield>
    <subfield code="2">ddc</subfield>
    <subfield code="4">0</subfield>
    <subfield code="7">0</subfield>
    <subfield code="8">Law</subfield>
    <subfield code="a">LL</subfield>
    <subfield code="b">LL</subfield>
    <subfield code="d">2026-04-16</subfield>
    <subfield code="e">MPP House Bengaluru -560009</subfield>
    <subfield code="g">300.00</subfield>
    <subfield code="l">0</subfield>
    <subfield code="o">340.1 MISM</subfield>
    <subfield code="p">LL002580</subfield>
    <subfield code="r">2026-04-21 16:52:41</subfield>
    <subfield code="v">400.00</subfield>
    <subfield code="w">2026-03-14</subfield>
    <subfield code="y">BK</subfield>
  </datafield>
  <datafield tag="952" ind1=" " ind2=" ">
    <subfield code="0">0</subfield>
    <subfield code="1">0</subfield>
    <subfield code="2">ddc</subfield>
    <subfield code="4">0</subfield>
    <subfield code="7">0</subfield>
    <subfield code="8">Law</subfield>
    <subfield code="a">LL</subfield>
    <subfield code="b">LL</subfield>
    <subfield code="d">2026-04-16</subfield>
    <subfield code="e">MPP House Bengaluru -560009</subfield>
    <subfield code="g">300.00</subfield>
    <subfield code="l">0</subfield>
    <subfield code="o">340.1 MISM</subfield>
    <subfield code="p">LL002581</subfield>
    <subfield code="r">2026-04-21 16:52:41</subfield>
    <subfield code="v">400.00</subfield>
    <subfield code="w">2026-03-14</subfield>
    <subfield code="y">BK</subfield>
  </datafield>
</record>
